00546nam a2200169 a 4500008004100000020001500041050001600056100001500072245007700087260002900164300001600193350000900209500010000218650001400318650002400332650002000356101004s2005 ||||||||||||||||| || u a8182051061 aHV 6773 Cyb aJain, Atul10aCyber crime: issues threats and management. 2 vols.cedited by Atul Jain aDelhi:bIsha Booksc2005 aviii, 308p. a0.00 aContents: vol.1. managing cyber crime to cyber warfare. vol.2: cyber crime: issues and threats. aCOMPUTING aCRIME AND DETECTION aCOMPUTER CRIMES